000 00413 a2200157 4500
999 _c320919
_d320919
001 85846
003 NUST
005 20180121112011.0
008 180121b xxu||||| |||| 00| 0 eng d
020 _a9780618154463
082 _a070.5092 NAS
100 _aDavid Nasaw
_99330
245 _aThe chief : the life of William Randolph Hearst
_hEnglish
250 _a1st
260 _aBoston
_b Houghton Mifflin
_c2000
300 _axv 687p.
500 _aGifted By AM Masood Akhtar
942 _acaenust
_cBK
_k070.5092 NAS
_2ddc